000 00573nam a2200193Ia 4500
005 20250326145620.0
008 250326s9999 xx 000 0 und d
037 _aTextbook
040 _aFMSL
_beng
_cFMSL
041 _aeng
_2eng
084 _aX:74 Q6
_qFMSL
100 _aWang Y
_9751223
245 0 _aE-logistics: managing your digital supply chains for copetitive advantage
_cWang Y; Pettit S
260 _aNew Delhi
_bNew Delhi, Kogan Page
_c2016
365 _aUKP
_b44.99
650 _aManagement
942 _cTB
_hX:74 Q6
999 _c1308182
_d1308182